Statistics for Girl names beginning with 'B'

Click here to take the quiz!

General Stats

  • This quiz has been taken 19 times
  • The average score is 5 of 15

Answer Stats

BAnswer% Correct
bBelle/Bel
80%
bBeth
60%
bBailey
47%
bBella
47%
bBrianna
47%
bBrooke
40%
bBrooklyn
40%
bBeatrice
33%
bBonnie/Bonny
33%
bBrielle
33%
bBecky
20%
bBetsy
20%
bBlair
13%
bBeau
7%
bBrynn
0%

Score Distribution

Percentile by Number Answered

Percent of People with Each Score

Your Score History

You have not taken this quiz